Statistics for Capital cities beginning with D

Click here to take the quiz!

General Stats

  • This quiz has been taken 718 times
  • The average score is 6 of 9

Answer Stats

HintAnswer% Correct
Dakar (Senegal)
79%
Dublin (Ireland)
77%
Dhaka (Bangladesh)
74%
Djibouti (Djibouti)
70%
Dodoma (Offic. capital of Tanzania, Dar es Salaam is the seat of government)
69%
Damascus (Syria)
68%
Dili (East Timor)
68%
Doha (Qatar)
66%
Dushanbe (Tajikistan)
63%

Score Distribution

Percentile by Number Answered

Percent of People with Each Score

Your Score History

You have not taken this quiz